Central African Republic : official standard names approved by the United States Board on Geographic Names /

Bibliographic Details
Corporate Authors: United States Board on Geographic Names, United States. Office of Geography, United States. Defense Mapping Agency
Format: Government Document Book
Language:English
Published: [Washington, D.C.?] : [Defense Mapping Agency], [1976]
Subjects:

MARC

Tag First Indicator Second Indicator Subfields
LEADER 00000cam a2200000 a 4500
001 in00001069095
005 20150929103252.0
008 920324s1976 dcub d f000 0 eng d
010 |a (DG92065423  
035 |a (OCoLC)25517689 
035 |9 AFP6008AM 
037 |a GAZGNCAFRICA  |b DMA 
040 |a GPO  |c GPO  |d DLC  |d UtOrBLW 
043 |a f-cx--- 
074 |a 617 (MF) 
086 0 |a D 5.319:C 33 
245 0 0 |a Central African Republic :  |b official standard names approved by the United States Board on Geographic Names /  |c prepared in the Office of Geography, Department of the Interior. 
264 1 |a [Washington, D.C.?] :  |b [Defense Mapping Agency],  |c [1976] 
300 |a iii, 220 pages :  |b map ;  |c 21 x 28 cm. 
336 |a text  |b txt  |2 rdacontent 
337 |a unmediated  |b n  |2 rdamedia 
338 |a volume  |b nc  |2 rdacarrier 
500 |a Distributed to depository libraries in microfiche. 
500 |a "April 1962." 
651 0 |a Central African Republic  |x Gazetteers. 
650 0 |a Names, Geographical  |z Central African Republic. 
710 2 |a United States Board on Geographic Names. 
710 1 |a United States.  |b Office of Geography. 
710 1 |a United States.  |b Defense Mapping Agency. 
999 |a MARS 
999 f f |s 688944eb-1e5e-3df5-9c39-c6096fd27aff  |i a549227c-0f2a-33d5-8751-23fae7ae842a  |t 0 
952 f f |p noncirc  |a Texas A&M University  |b College Station  |c Sterling C. Evans Library  |d Evans: Maps Fiche (2nd floor)  |t 0  |e D 5.319:C 33  |h Superintendent of Documents classification  |i unmediated -- volume  |m A14824681778 
998 f f |a D 5.319:C 33  |t 0  |l Evans: Maps Fiche (2nd floor)